Bienvenue au Catalogue en Ligne des Bibliothèques de l'Universite du Burundi

Effet de l'aide publique au developpement sur le capital humain en Afrique Subsaharienne (Record no. 53864)

000 -GUIDE
Champ de contrôle de longueur fixe 00935nam a22001937a 4500
003 - IDENTITÉ DU NUMÉRO DE CONTRÔLE
Champ de contrôle BI-BuBU
008 - ÉLÉMENTS DE LONGUEUR FIXE - RENSEIGNEMENTS GÉNÉRAUX
Champ de contrôle de longueur fixe 260511b2025 bd fr|||| 00| 0 fre d
040 ## - SOURCE DU CATALOGAGE
Organisme qui a effectué le catalogage original BI-BuBU
Organisme qui a effectué la transcription BI-BuBU
Organisme qui a effectué la modification BI-BuBU
080 ## - INDICE DE LA CLASSIFICATION DÉCIMALE UNIVERSELLE (CDU)
Indice de la Classification décimale universelle 330.14
100 1# - VEDETTE PRINCIPALE - NOM DE PERSONNE
Code de relation Aut.
Nom de personne Dusabamahoro, Florence
245 10 - MENTION DU TITRE
Titre Effet de l'aide publique au developpement sur le capital humain en Afrique Subsaharienne
Reste du titre Le rôle de la qualité des institutions
Mention de responsabilité, etc. Florence Dusabamahoro Arcade Ndoricimpa , directeur,
260 ## - PUBLICATION, DIFFUSION, ETC. (ADRESSE BIBLIOGRAPHIQUE)
Lieu de publication, diffusion, etc. Bujumbura
Nom de l'éditeur, diffuseur, etc. Université du Burundi, Faculté des Sciences Economiques et de Gestion
Date of publication, distribution, etc 2025
300 ## - DESCRIPTION MATÉRIELLE
Collation XII-133 f.
Dimensions 30 cm.
502 ## - NOTE DE THÈSE OU MÉMOIRE
Note de thèse Mémoire présenté et défendu Publiquement en vue de l'obtention du diplôme de master en Analyse Economique et développement <br/>Option : Analyse Economique
650 #7 - VEDETTE-MATIÈRE - NOM COMMUN
Source du terme BI-BuBU
Vedette de sujet ou vedette comportant un nom géographique Capital humain
Subdivision générale Aide publique
Subdivision géographique Afrique Subsaharienne
655 #7 - TERME D'INDEXATION - GENRE OU FORME
Source du terme BI-BuBU
700 1# - VEDETTE SECONDAIRE - NOM DE PERSONNE
Code de relation dir.
Nom d'auteur Ndoricimpa Arcade
9 (RLIN) 112153
942 ## - ÉLÉMENTS D'ENTRÉE ADDITIONNELLE (KOHA)
Source de la classification ou du système de rangement
Type d item koha Memoire
Holdings
Statut de retrait Statut de perte Source de la classification ou du système de rangement Statut de déterioration Exclu du prêt Numéro d item Koha Localisation permanente Localisation actuelle Date d'acquisition Source d'acquisition Nombre de prêts Cote Code-barres Date last seen Numéro d'exemplaire Prix en vigueur à partir du Type d item koha Numero d'inventaire
        Not For Loan 85710 Bibliothèque Centrale Bibliothèque Centrale 11/05/2026 don de l'auteur   R.330.14 DUS. 5010000672607 11/05/2026 1 11/05/2026 Memoire 242196
© 2019-2026 - Bibliothèques de l'Université du Burundi |Tous droits réservés
home | Pour toute information urgente Contactez nous | tel whatsupp: +25779204313